000 00388nam a22001697a 4500
003 koha_MIRAKIL
005 20231213095455.0
008 231213b |||||||| |||| 00| 0 ||| d
040 _aTR-IsEVY
_btur
_cTR-IsEVY
082 _a800 LES/M
100 _aLESSING, DORIS.
245 0 _aMARA İLE DANN.
260 _bCan,
_c2001
300 _a512.
650 _aEdebiyat.
942 _2ddc
_cBK
999 _c4213
_d4213